Guida al counseling

Saved in:
書目詳細資料
主要作者: Meier, Scott
其他作者: Davis, Susan
格式: 圖書
語言:英语
出版: Franco Angeli 2002
標簽: 添加標簽
沒有標簽, 成為第一個標記此記錄!

MARC

LEADER 00000nam a2200000 4500
005 20240925170039.0
008 240724b |||||||| |||| 00| 0 eng d
020 |a 978-8820484132 
040 |c GP 
100 |a Meier, Scott 
245 |a Guida al counseling 
260 |b Franco Angeli  |c 2002 
700 |a Davis, Susan 
942 |2 ddc  |c BK  |n 0 
952 |0 0  |1 0  |2 ddc  |4 0  |6 158_300000000000000_MEI  |7 1  |9 1676  |a RM  |b RM  |d 2024-07-24  |l 0  |o 158.3 MEI  |p 140  |r 2024-07-24 16:22:58  |w 2024-07-24  |y BK 
999 |c 1489  |d 1489